000 00738nam a2200229 u 4500
005 20230527063558.0
008 090902s1998 r 000 0 eng d
020 _a968406795X
035 _aUPN01000191729
049 _aCG
050 4 _aBF724
_bC3.2
100 1 _aCastells Cuixart, Paulino
_933775
245 1 0 _aGuía práctica de la salud y psicología del adolescente /
_cPaulino Castells, Tomás J. Silber.
260 _aMéxico :
_bPlaneta,
_c1998.
300 _a379 p.
440 0 _aManuales Prácticos.
_pDesarrollo
650 4 _aPsicología del adolescente
_91013
650 0 _aAdolescentes
_xConducta de vida
_91767
650 4 _aADOLESCENTES -
_xFISIOLOGIA
_912012
700 1 _aSilber, Tomás J.
_ecoaut.
905 _aLibro
999 _c163832
_d163832